000 01022nam a22002777a 4500
005 20090504104614.0
008 090504t xxu||||| |||| 00| 0 eng d
010 _aENG-93376
020 _a8189886010
_c580.00
020 _a9788189886011
_c580.00
035 _aEN-76909
037 _bDBAD / PUB
040 _adpl
_bEnglish
082 _a338.4791
100 _aJacob, Robinet
245 _aIndian tourism products /
_cby Robinet Jacob, Sindhu Joseph [and] Anoop Philip
260 _aDelhi
_bAbhijeet Publications
_c2007
270 _a2/46 Tukhmeerpur Extension
_bDelhi
_e110094
300 _axi, 228p.
_c22cm (Hb)
500 _aIncludes bibliographical references and index
650 _aTourism
_xMarketing.
700 _aJoseph, Sindhu
700 _aPhilip, Anoop
942 _2ddc
_cEN
_mJAC
_h338.4791
999 _c26045
_d26045